000 00438nam a22001937a 4500
003 OSt
005 20180116183009.0
008 150831b xxu||||| |||| 00| 0 eng d
020 _a07099300699
040 _c0
082 _a813.54 ANO 1996
100 _aAnonymous
245 _aPrimary Colors
260 _aUSA
_bWarner Books
_c1996
300 _a507 p.
_bPB
440 _aPrimary Colors
600 _aAnonymous
942 _2ddc
_cBK
999 _c350190
_d350190